000 00489nam a2200181Ia 4500
005 20230704083904.0
008 131103s9999 xx 000 0 und d
040 _aLoreto College
041 _aEnglish
082 _a944.046
_bLEF
100 _aLefebvre,Georges
245 _aNapoleon
_b From Tilsit to Waterloo 1807 - 1815
_cGeorges Lefebvre
260 _aLondon
_bRoutledge & Kegan Paul
_c1969
300 _a414 p.
650 _aHistory - Napoleon
850 _aLCLIB
942 _cBK
999 _c19287
_d69766